[Event "HUN-chT2 Breyer 1819"]
[Site "Hungary"]
[Date "2019.02.24"]
[Round "6.12"]
[White "Ramadan, Erik"]
[Black "Juhasz, Balazs"]
[Result "0-1"]
[WhiteElo "1240"]
[BlackElo "1649"]
[PlyCount "82"]
[EventDate "2018.10.28"]
[EventType "team-tourn"]
[EventRounds "9"]
[EventCountry "HUN"]
[SourceTitle "CBM 189 Extra"]
[Source "ChessBase"]
[SourceDate "2019.06.03"]
[SourceVersion "1"]
[SourceVersionDate "2019.06.03"]
[SourceQuality "1"]
[WhiteTeam "Vizugy"]
[BlackTeam "Zsambek"]
[WhiteTeamCountry "HUN"]
[BlackTeamCountry "HUN"]

1. e4 b6 2. d4 Bb7 3. Nc3 e6 4. Bd3 Bb4 5. Bd2 f5 6. Qe2 Qe7 7. a3 Bxc3 8. Bxc3 Nf6 9. f3 fxe4 10. fxe4 Nxe4 11. Nf3 Nxc3 12. bxc3 0-0 13. 0-0 Bxf3 14. Rxf3 Rxf3 15. Qxf3 Nc6 16. Rf1 g6 17. Qg3 Rc8 18. Ba6 Rd8 19. Qxc7 Qxa3 20. Bb5 Qxc3 21. Bxc6 Qxd4+ 22. Kh1 dxc6 23. Qxa7 Rf8 24. Ra1 Qf2 25. h3 Qxc2 26. Qxb6 Qc4 27. Kh2 e5 28. Re1 Qd5 29. Qc7 Re8 30. Rf1 e4 31. Rf6 e3 32. Qxc6 Qxc6 33. Rxc6 e2 34. Rc1 e1Q 35. Rxe1 Rxe1 36. Kg3 Kf7 37. h4 h5 38. Kh3 Re3+ 39. g3 Kf6 40. Kg2 g5 41. hxg5+ Kxg5 0-1

[Event "HUN-chT2 Breyer 1819"]
[Site "Hungary"]
[Date "2018.11.18"]
[Round "2.12"]
[White "Juhasz, Balazs"]
[Black "Csorba, Zalan"]
[Result "1-0"]
[WhiteElo "1649"]
[BlackElo "1144"]
[PlyCount "47"]
[EventDate "2018.10.28"]
[EventType "team-tourn"]
[EventRounds "9"]
[EventCountry "HUN"]
[SourceTitle "CBM 189 Extra"]
[Source "ChessBase"]
[SourceDate "2019.06.03"]
[SourceVersion "1"]
[SourceVersionDate "2019.06.03"]
[SourceQuality "1"]
[WhiteTeam "Zsambek"]
[BlackTeam "Nyergesujfalu"]
[WhiteTeamCountry "HUN"]
[BlackTeamCountry "HUN"]

1. Nf3 d5 2. b3 Nc6 3. Bb2 Bf5 4. e3 e6 5. Bb5 Nf6 6. d3 g6 7. Ne5 Rc8 8. Nxc6 bxc6 9. Bxc6+ Ke7 10. Ba3+ Qd6 11. Bxd6+ Kxd6 12. Ba4 c6 13. e4 Bg4 14. f3 h5 15. fxg4 hxg4 16. 0-0 Bg7 17. e5+ Kxe5 18. d4+ Kd6 19. Rxf6 Bxf6 20. Qxg4 Rh4 21. Qg3+ Ke7 22. c3 Re4 23. Nd2 Bh4 24. Qf3 1-0

[Event "HUN-chT2 Breyer 1819"]
[Site "Hungary"]
[Date "2018.10.28"]
[Round "1.12"]
[White "Fekete, Csaba"]
[Black "Juhasz, Balazs"]
[Result "0-1"]
[WhiteElo "1404"]
[BlackElo "1649"]
[PlyCount "68"]
[EventDate "2018.10.28"]
[EventType "team-tourn"]
[EventRounds "9"]
[EventCountry "HUN"]
[SourceTitle "CBM 189 Extra"]
[Source "ChessBase"]
[SourceDate "2019.06.03"]
[SourceVersion "1"]
[SourceVersionDate "2019.06.03"]
[SourceQuality "1"]
[WhiteTeam "Szekesfehervar"]
[BlackTeam "Zsambek"]
[WhiteTeamCountry "HUN"]
[BlackTeamCountry "HUN"]

1. e4 b6 2. d4 Bb7 3. Nc3 e6 4. Bb5 Bb4 5. Qd3 f5 6. f3 Bxc3+ 7. bxc3 fxe4 8. fxe4 Qh4+ 9. Kf1 Bxe4 10. Qe2 Ne7 11. Be3 0-0+ 12. Bf2 Nd5 13. c4 Bxg2+ 14. Ke1 Qe4 15. cxd5 exd5 16. Qxe4 dxe4 17. Bc4+ Kh8 18. Ne2 Bxh1 19. Ng3 Bg2 20. Ke2 c6 21. Rg1 Bf3+ 22. Ke3 d5 23. Bb3 Nd7 24. Ba4 b5 25. Bb3 Bg4 26. Nf1 Rf3+ 27. Ke2 Raf8 28. Be3 Rf2+ 29. Ke1 Re2+ 30. Kd1 Rxe3+ 31. Kd2 Re2+ 32. Kc3 Ref2 33. Rxg4 Rxf1 34. Rg2 R1f2 0-1

[Event "HUN-chT2 Breyer 1718"]
[Site "Hungary"]
[Date "2018.03.04"]
[Round "9.12"]
[White "Juhasz, Balazs"]
[Black "Somos, Mate"]
[Result "1-0"]
[WhiteElo "1569"]
[BlackElo "1372"]
[PlyCount "71"]
[EventDate "2017.09.24"]
[EventType "team-tourn"]
[EventRounds "11"]
[EventCountry "HUN"]
[SourceTitle "EXT 2021"]
[Source "ChessBase"]
[SourceDate "2020.10.23"]
[SourceVersion "1"]
[SourceVersionDate "2020.10.23"]
[SourceQuality "1"]
[WhiteTeam "Zsambek"]
[BlackTeam "Szekesfehervar"]
[WhiteTeamCountry "HUN"]
[BlackTeamCountry "HUN"]

1. e4 e5 2. Nf3 Nc6 3. Bb5 a6 4. Ba4 Nf6 5. 0-0 Be7 6. Re1 b5 7. Bb3 0-0 8. c3 d5 9. exd5 Nxd5 10. Nxe5 Nxe5 11. Rxe5 c6 12. d4 Bd6 13. Re1 Qh4 14. g3 Qh3 15. Bxd5 cxd5 16. Qf3 Bg4 17. Qxd5 Rad8 18. Qg2 Qh5 19. Be3 Bh3 20. Qh1 f5 21. f4 g5 22. Kf2 gxf4 23. gxf4 Qh4+ 24. Ke2 Bxf4 25. Bxf4 Qxf4 26. Nd2 Bg4+ 27. Kd3 Qh6 28. Qg2 Kh8 29. Kc2 Rg8 30. Qf2 f4 31. b3 Rde8 32. Rxe8 Rxe8 33. Re1 Rxe1 34. Qxe1 Qxh2 35. Qe5+ Kg8 36. Qg5+ 1-0

[Event "HUN-chT2 Breyer 1617"]
[Site "Hungary"]
[Date "2017.01.29"]
[Round "5.12"]
[White "Juhasz, Balazs"]
[Black "Pasztor, Balazs"]
[Result "1/2-1/2"]
[WhiteElo "1495"]
[BlackElo "1839"]
[PlyCount "76"]
[EventDate "2016.10.30"]
[EventType "team-tourn"]
[EventRounds "9"]
[EventCountry "HUN"]
[SourceTitle "EXT 2021"]
[Source "ChessBase"]
[SourceDate "2020.10.23"]
[SourceVersion "1"]
[SourceVersionDate "2020.10.23"]
[SourceQuality "1"]
[WhiteTeam "Zsambek"]
[BlackTeam "Naszaly Geniusz Tata"]
[WhiteTeamCountry "HUN"]
[BlackTeamCountry "HUN"]

1. e4 e5 2. Nf3 Nc6 3. Bb5 a6 4. Ba4 Nf6 5. 0-0 Be7 6. Re1 b5 7. Bb3 d6 8. h3 Na5 9. c3 Nxb3 10. axb3 Bb7 11. d3 0-0 12. Nbd2 c5 13. c4 Ne8 14. Nf1 f5 15. exf5 Rxf5 16. Re3 Qd7 17. Ng3 Rf7 18. Ne4 Nc7 19. Bd2 Ne6 20. b4 Qc7 21. cxb5 axb5 22. Rxa8+ Bxa8 23. bxc5 Nxc5 24. Nfg5 Nxe4 25. Nxe4 d5 26. Ng3 Bc5 27. Rf3 e4 28. dxe4 dxe4 29. Rxf7 Qxf7 30. Be3 Bxe3 31. Qd8+ Qf8 32. Qxf8+ Kxf8 33. fxe3 g6 34. Kf2 Ke7 35. Ke1 b4 36. Ne2 Bd5 37. Nd4 Kd6 38. Kd2 Kc5 1/2-1/2

[Event "HUN-chT U18"]
[Site "Budapest"]
[Date "2015.08.29"]
[Round "7.47"]
[White "Juhasz, Balazs"]
[Black "Giczi, Alexandra Laura"]
[Result "1/2-1/2"]
[WhiteElo "1253"]
[BlackElo "1425"]
[PlyCount "39"]
[EventDate "2015.08.26"]
[EventType "team-swiss"]
[EventRounds "8"]
[EventCountry "HUN"]
[SourceTitle "EXT 2016"]
[Source "ChessBase"]
[SourceDate "2015.10.08"]
[SourceVersion "1"]
[SourceVersionDate "2015.10.08"]
[SourceQuality "1"]

1. c4 e5 2. Nc3 Nf6 3. Nf3 Nc6 4. g3 d5 5. cxd5 Nxd5 6. Nxd5 Qxd5 7. d3 Be7 8. Bg2 Be6 9. 0-0 Qd7 10. Re1 f6 11. a3 Bh3 12. Bh1 g5 13. Be3 h5 14. b4 a6 15. Bc5 0-0 16. Bxe7 Qxe7 17. e4 Kh7 18. d4 Rad8 19. d5 Qg7 20. Qc2 1/2-1/2

[Event "HUN-chT U18"]
[Site "Budapest"]
[Date "2015.08.26"]
[Round "1.35"]
[White "Juhasz, Balazs"]
[Black "Szukics, Adam"]
[Result "0-1"]
[WhiteElo "1253"]
[BlackElo "2058"]
[PlyCount "84"]
[EventDate "2015.08.26"]
[EventType "team-swiss"]
[EventRounds "8"]
[EventCountry "HUN"]
[SourceTitle "EXT 2016"]
[Source "ChessBase"]
[SourceDate "2015.10.08"]
[SourceVersion "1"]
[SourceVersionDate "2015.10.08"]
[SourceQuality "1"]

1. c4 e5 2. Nc3 Nf6 3. Nf3 Nc6 4. g3 Bc5 5. Bg2 d6 6. 0-0 0-0 7. d3 h6 8. a3 a6 9. b4 Ba7 10. Re1 Be6 11. Bb2 Qd7 12. Qc2 Ne7 13. a4 Rad8 14. b5 a5 15. Rad1 Ng6 16. e3 Rfe8 17. Nd2 c6 18. Nf3 Bg4 19. Rd2 Qf5 20. e4 Qe6 21. bxc6 bxc6 22. Rb1 Nd7 23. Ba3 Rb8 24. Rb2 Rxb2 25. Bxb2 Qf6 26. Ne1 h5 27. h4 Qe6 28. Nf3 Rb8 29. Ba3 Nc5 30. Bxc5 Bxc5 31. Na2 Bxf3 32. Bxf3 Qh3 33. Bg2 Qg4 34. Kf1 Bd4 35. Qc1 Nf8 36. Re2 Ne6 37. Nc3 Rb3 38. Rc2 Nc5 39. Qd2 Ra3 40. Qe1 Nxd3 41. Qb1 Bxc3 42. Qb8+ Kh7 0-1